| 000 | 01951nam a2200445Ia 4500 | ||
|---|---|---|---|
| 001 | ebr10715459 | ||
| 003 | CaPaEBR | ||
| 006 | m o u | ||
| 007 | cr cn||||||||| | ||
| 008 | 091106s2010 miuab sb 001 0 eng d | ||
| 010 | _z 2009047227 | ||
| 020 | _z081433458X (cloth : alk. paper) | ||
| 020 | _z0814334903 (pbk. : alk. paper) | ||
| 020 | _z9780814334584 (cloth : alk. paper) | ||
| 020 | _z9780814334904 (pbk. : alk. paper) | ||
| 020 | _z9780814336960 | ||
| 040 |
_aCaPaEBR _cCaPaEBR |
||
| 035 | _a(OCoLC)847609586 | ||
| 050 | 1 | 4 |
_aF572.K43 _bL36 2010eb |
| 082 | 0 | 4 |
_a977.4/99 _223 |
| 100 | 1 | _aLankton, Larry D. | |
| 245 | 1 | 0 |
_aHollowed ground _h[electronic resource] : _bcopper mining and community building on Lake Superior, 1840s-1990s / _cLarry Lankton. |
| 260 |
_aDetroit, Mich. : _bWayne State University Press, _cc2010. |
||
| 300 |
_axiii, 376 p. : _bill., maps. |
||
| 490 | 1 | _aGreat Lakes books | |
| 504 | _aIncludes bibliographical references and index. | ||
| 533 |
_aElectronic reproduction. _bPalo Alto, Calif. : _cebrary, _d2013. _nAvailable via World Wide Web. _nAccess may be limited to ebrary affiliated libraries. |
||
| 650 | 0 |
_aCopper mines and mining _zMichigan _zKeweenaw Peninsula _xHistory. |
|
| 650 | 0 |
_aCopper mines and mining _xSocial aspects _zMichigan _zKeweenaw Peninsula _xHistory. |
|
| 650 | 0 |
_aCommunity life _zMichigan _zKeweenaw Peninsula _xHistory. |
|
| 650 | 0 |
_aMining camps _zMichigan _zKeweenaw Peninsula _xHistory. |
|
| 651 | 0 |
_aKeweenaw Peninsula (Mich.) _xHistory. |
|
| 651 | 0 |
_aKeweenaw Peninsula (Mich.) _xSocial conditions. |
|
| 651 | 0 |
_aKeweenaw Peninsula (Mich.) _xEconomic conditions. |
|
| 651 | 0 |
_aKeweenaw Peninsula (Mich.) _xHistory, Local. |
|
| 655 | 7 |
_aElectronic books. _2local |
|
| 710 | 2 | _aebrary, Inc. | |
| 830 | 0 | _aGreat Lakes books. | |
| 856 | 4 | 0 |
_uhttp://site.ebrary.com/lib/rucke/Doc?id=10715459 _zAn electronic book accessible through the World Wide Web; click to view |
| 999 |
_c40917 _d40917 |
||